00329nam a2200109 a 4500008004100000050001600041100002100057245007500078260003500153300002200188350000900210120416s1976 ||||||||||||||||| || u aHG 4014 Mod aMyers, Stewart C10aModern development in financial managementcedited by Stewart C. Myers aHinsdale, [Ill.]bDrydenc1976 axiv, 695p. : ill. a0.00